CRYPTOGRAPHY ENGINEERING: DESIGN PRINCIPLES AND PRACTICAL APPLICATIONS (Record no. 216527)

MARC details
000 -LEADER
fixed length control field 00595nam a22001817a 4500
008 - FIXED-LENGTH DATA ELEMENTS--GENERAL INFORMATION
fixed length control field 260203b |||||||| |||| 00| 0 eng d
020 ## - INTERNATIONAL STANDARD BOOK NUMBER
International Standard Book Number 978-0-470-47424-2
050 ## - LIBRARY OF CONGRESS CALL NUMBER
Classification number QA 76.9 .A 25 F47 2010
100 ## - MAIN ENTRY--PERSONAL NAME
Personal name FERGUSON, NIELES
245 ## - TITLE STATEMENT
Title CRYPTOGRAPHY ENGINEERING: DESIGN PRINCIPLES AND PRACTICAL APPLICATIONS
260 ## - PUBLICATION, DISTRIBUTION, ETC.
Place of publication, distribution, etc. INDIANAPOLIS,
Name of publisher, distributor, etc. WILEY PUBLISHING,INC,
Date of publication, distribution, etc. 2010,
300 ## - PHYSICAL DESCRIPTION
Extent XXIX, 352 P, ILL
500 ## - GENERAL NOTE
General note INCLUDES INDEX AND BIBLIOGRAPHY
650 ## - SUBJECT ADDED ENTRY
Topical term or geographic name entry element CRYPTOGRAPHY, COMPUTER SECURITY.
700 ## - ADDED ENTRY--PERSONAL NAME
Personal name SCHENEIER BRUCE, KOHNO TADAYOSHI
942 ## - ADDED ENTRY ELEMENTS (KOHA)
Source of classification or shelving scheme Library of Congress Classification
Koha item type Long Loan Book
Holdings
Withdrawn status Lost status Source of classification or shelving scheme Damaged status Not for loan Collection Home library Current library Shelving location Date acquired Inventory number Total checkouts Full call number Barcode Date last seen Copy number Price effective from Koha item type
    Library of Congress Classification     Science & Technology Kisii University Library Kisii University Library On Display 02/03/2026 111637   QA 76.9 .A25 F47 2010 50203 02/03/2026 1 02/03/2026 Long Loan Book
    Library of Congress Classification     Science & Technology Kisii University Library Kisii University Library On Display 02/03/2026 111638   QA76.9 .9 .A25 F47 2010 50204 02/03/2026 2 02/03/2026 Long Loan Book
    Library of Congress Classification     Science & Technology Kisii University Library Kisii University Library On Display 02/03/2026 111639   QA 76.9 A25 F47 2010 50135 02/03/2026 3 02/03/2026 Long Loan Book
    Library of Congress Classification     Science & Technology Kisii University Library Kisii University Library On Display 02/03/2026 111640   QA 76.9 A25 F47 2010 50197 02/03/2026 4 02/03/2026 Long Loan Book